000 00703nam a2200289Ia 4500
005 20260324122748.0
008 008 260324s9999 xx 000 0 eng d
020 _a9781315090801
037 _aEBOOK
040 _aCRL
040 _beng
040 _cCRL
041 _2eng
041 _aeng
084 _qCRL
100 _aEsti Sheinberg
_91167712
245 0 _aMusic Semiotics: A Network of Significations
245 0 _bIn Honour and Memory of Raymond Monelle
260 _bTaylor and Francis
260 _c2012
365 _a
365 _b255
856 _uhttp://www.taylorfrancis.com/books/9781315090801
942 _cEBOOK
999 _c1760691
_d1760691